| 000 | 01284aam a2200289 4500 | ||
|---|---|---|---|
| 999 |
_c45504 _d45504 |
||
| 001 | 19129 | ||
| 003 | CO-MdFUSB | ||
| 005 | 20171110093010.0 | ||
| 008 | 170407t1972 enk||||| |||| 00| 0 eng d | ||
| 020 | _a334-01130-2 | ||
| 040 |
_aCO-MdFUSB _bspa _cCO-MdFUSB _dCO-MdFUSBC _erda |
||
| 041 | _aeng | ||
| 082 | 0 | 4 | _aG 225.61 K9642n |
| 100 | 1 |
_aKümmel, Werner Georg _eautor |
|
| 245 | 1 | 4 |
_aThe New Testament _b: The history of the investigation of its problems _c/ Werner Georg Kümmel ; Translated by S. McLean Gilmour, Howard C. Kee |
| 250 | _aSegunda edición | ||
| 264 | 4 |
_aLondon: _bSCM Press, _c© 1972 |
|
| 300 | _a510 páginas | ||
| 336 |
_2rdacontent _atexto _btxt |
||
| 337 |
_2rdamedia _asin mediación _bn |
||
| 338 |
_2rdacarrier _avolumen _bnc |
||
| 500 | _aTítulo original en alemán: Das neue testament : Geschichte der erforschung seiner probleme | ||
| 501 | _aPasta dura | ||
| 505 | 0 | 0 | _aLa prehistoria - Los estímulos decisivos - Los inicios de las principales disciplinas de la investigación del Nuevo Testamento - El enfoque histórico al Nuevo Testamento - La escuela "la historia de religiones" de la interpretación del Nuevo Testamento - La perspectiva histórico-teológica del Nuevo Testamento |
| 630 | 0 | 7 |
_aBiblia. _pNuevo Testamento |
| 942 | _cBK | ||